[Event "MGL-ch (Women)"]
[Site "Ulaanbaatar"]
[Date "2010.04.11"]
[Round "13"]
[White "Tsengenbayar, Zorigt"]
[Black "Nomin Erdene, Davaademberel"]
[Result "1-0"]
[WhiteElo "100"]
[BlackElo "100"]
[PlyCount "57"]
[EventDate "2010.04.03"]
[EventType "tourn"]
[EventRounds "13"]
[EventCountry "MGL"]
[SourceTitle "EXT 2011"]
[Source "ChessBase"]
[SourceDate "2010.11.26"]
[SourceVersion "1"]
[SourceVersionDate "2010.11.26"]
[SourceQuality "1"]

1. e4 c5 2. Nf3 e6 3. d4 cxd4 4. Nxd4 a6 5. Nc3 d6 6. Be2 Nf6 7. 0-0 Be7 8. Kh1 0-0 9. f4 Qc7 10. Bf3 Bd7 11. a4 Nc6 12. Nb3 b6 13. Be3 Rac8 14. Qe2 Nb4 15. Qf2 Rb8 16. Rac1 Bc6 17. Nd4 Ba8 18. Qg3 d5 19. e5 Ne4 20. Bxe4 dxe4 21. f5 exf5 22. Nxf5 g6 23. Nh6+ Kg7 24. Nf5+ Kg8 25. Nh6+ Kg7 26. Nxf7 Bh4 27. Qxh4 Rxf7 28. e6 Re7 29. Bf4 1-0

[Event "MGL-ch (Women)"]
[Site "Ulaanbaatar"]
[Date "2010.04.05"]
[Round "6"]
[White "Tsengenbayar, Zorigt"]
[Black "Batchimeg, Tuvshintugs"]
[Result "0-1"]
[WhiteElo "100"]
[BlackElo "2335"]
[PlyCount "100"]
[EventDate "2010.04.03"]
[EventType "tourn"]
[EventRounds "13"]
[EventCountry "MGL"]
[SourceTitle "EXT 2011"]
[Source "ChessBase"]
[SourceDate "2010.11.26"]
[SourceVersion "1"]
[SourceVersionDate "2010.11.26"]
[SourceQuality "1"]

1. e4 e5 2. Nf3 Nc6 3. Bb5 a6 4. Ba4 Nf6 5. 0-0 Be7 6. Re1 b5 7. Bb3 0-0 8. c3 d6 9. h3 Bb7 10. d4 Na5 11. Bc2 Nc4 12. Nbd2 Nxd2 13. Bxd2 Nd7 14. a4 c5 15. d5 f5 16. exf5 Bxd5 17. b3 Kh8 18. Qe2 Bc6 19. axb5 axb5 20. Bd3 Qb6 21. c4 b4 22. Nh2 Ra3 23. Bc2 Qb7 24. f3 Bf6 25. Ng4 Rxa1 26. Rxa1 e4 27. Nxf6 Nxf6 28. f4 d5 29. cxd5 Bb5 30. Qf2 Qxd5 31. Ra5 Rb8 32. Qe3 Qc6 33. Ra7 Qb6 34. Ra1 Bc6 35. Bc1 Nd5 36. Qf2 Re8 37. Be3 Nxe3 38. Qxe3 Bd5 39. Rd1 Qc6 40. Rc1 c4 41. bxc4 Bg8 42. Bb3 Rd8 43. Qe1 Qc5+ 44. Qf2 e3 45. Qe2 Rd2 46. Qf3 Rf2 47. Qg3 Rb2 48. Bc2 b3 49. Be4 Rd2 50. Kh1 b2 0-1

[Event "MGL-ch (Women)"]
[Site "Ulaanbaatar"]
[Date "2010.04.04"]
[Round "4"]
[White "Tsengenbayar, Zorigt"]
[Black "Bayarmaa, Bayarjargal"]
[Result "0-1"]
[WhiteElo "100"]
[BlackElo "1949"]
[PlyCount "69"]
[EventDate "2010.04.03"]
[EventType "tourn"]
[EventRounds "13"]
[EventCountry "MGL"]
[SourceTitle "EXT 2011"]
[Source "ChessBase"]
[SourceDate "2010.11.26"]
[SourceVersion "1"]
[SourceVersionDate "2010.11.26"]
[SourceQuality "1"]

1. e4 c5 2. Nf3 d6 3. d4 cxd4 4. Nxd4 Nf6 5. Nc3 a6 6. Be3 e6 7. a4 Be7 8. a5 0-0 9. Be2 Nbd7 10. f4 Qc7 11. Bf3 Rb8 12. 0-0 Ne8 13. Kh1 b5 14. Qd2 Bb7 15. f5 e5 16. Nde2 Nef6 17. Ng3 Rbc8 18. Rfc1 Rfe8 19. Qf2 Bf8 20. Nh5 Nxh5 21. Bxh5 Nf6 22. Bf3 Qb8 23. g4 Qa8 24. Qg2 Rc4 25. Re1 Nxe4 26. Kg1 Rec8 27. Bd2 Nc5 28. Bxb7 Qxb7 29. Qg3 b4 30. b3 bxc3 31. bxc4 cxd2 32. Red1 Ne4 33. Qg2 Rxc4 34. Rxd2 Qa7+ 35. Kf1 0-1

[Event "MGL-ch (Women)"]
[Site "Ulaanbaatar"]
[Date "2010.04.03"]
[Round "2"]
[White "Tsengenbayar, Zorigt"]
[Black "Enkhtuul, Altanulzii"]
[Result "0-1"]
[WhiteElo "100"]
[BlackElo "2117"]
[PlyCount "122"]
[EventDate "2010.04.03"]
[EventType "tourn"]
[EventRounds "13"]
[EventCountry "MGL"]
[SourceTitle "EXT 2011"]
[Source "ChessBase"]
[SourceDate "2010.11.26"]
[SourceVersion "1"]
[SourceVersionDate "2010.11.26"]
[SourceQuality "1"]

1. e4 d5 2. exd5 Qxd5 3. Nc3 Qa5 4. d4 Nf6 5. Nf3 Bg4 6. h3 Bh5 7. g4 Bg6 8. Ne5 e6 9. h4 Nbd7 10. Nc4 Qb4 11. a3 Qe7 12. Bg2 h5 13. Bxb7 Rb8 14. Na5 Nxg4 15. Nb5 Rxb7 16. Nxb7 Ndf6 17. Bf4 Nd5 18. Bg3 a6 19. Na7 Be4 20. Rg1 Qd7 21. Qe2 Nde3 22. fxe3 Bxb7 23. 0-0-0 Bd6 24. e4 Bxg3 25. Rxg3 0-0 26. d5 exd5 27. exd5 Qd6 28. Rb3 Bxd5 29. Rc3 Nf6 30. Nc6 Re8 31. Rxd5 Rxe2 32. Rxd6 cxd6 33. Kd1 Re4 34. Rh3 Ng4 35. Kd2 f5 36. Rf3 g6 37. Nb4 a5 38. Nd3 Kf7 39. Nf4 Ne5 40. Rf1 Nc4+ 41. Kc3 Ne3 42. Rf3 Nd1+ 43. Kb3 a4+ 44. Ka2 Ne3 45. Rf2 Kf6 46. b3 Ng4 47. Rf3 Ne5 48. Rf2 Rd4 49. bxa4 Nd7 50. a5 Nc5 51. c3 Ra4 52. Nd5+ Ke6 53. Nf4+ Kf7 54. Rf3 Rxa5 55. Rg3 Ra4 56. Ng2 Kf6 57. Rh3 f4 58. Rf3 Kf5 59. Kb2 Kg4 60. Rf1 Kg3 61. Ne1 Kxh4 0-1